Plan estratégico de fortalecimiento organizacional de la Clínica Médica Salud y Vida ubicada en la zona 1 del Mercado Oriental de Managua
Plantea un plan estratégico organizacional para la clínica médica salud y vida que permita su fortalecimiento organizacional. Analiza los componentes internos organizacionales de la clínica médica; los elementos externos que influyen en el aspecto organizacional de la clínica. Determina y pla...
| Main Authors: | , , |
|---|---|
| Other Authors: | |
| Format: | Tesis Section = Libro |
| Language: | Undetermined Spanish |
| Published: |
Managua
UNI
2004
|
| Subjects: |
| LEADER | 01653nam a2200277Ia 4500 | ||
|---|---|---|---|
| 008 | 240830s9999 xx 000 0 und d | ||
| 040 | |a BIBLIOTECA-RUPAP Mon 658.402 C957 | ||
| 041 | |a spa | ||
| 082 | |a Mon 658.402 C957 | ||
| 100 | 1 | |a Cruz Acosta, Pablo Roberto | |
| 100 | 1 | |b Colindres Cortez, Hedí Antonio | |
| 100 | 1 | |c Vega Chávez, Lisseth | |
| 245 | 1 | 0 | |a Plan estratégico de fortalecimiento organizacional de la Clínica Médica Salud y Vida ubicada en la zona 1 del Mercado Oriental de Managua |
| 260 | |a Managua |b UNI |c 2004 | ||
| 300 | |a 145 p. :il. | ||
| 500 | |a Contiene: anexos. | ||
| 502 | |a Tesis (Ingeniero de Sistemas)- UNI, 2004. | ||
| 520 | 3 | |a Plantea un plan estratégico organizacional para la clínica médica salud y vida que permita su fortalecimiento organizacional. Analiza los componentes internos organizacionales de la clínica médica; los elementos externos que influyen en el aspecto organizacional de la clínica. Determina y plantea estrategias organizacionales adecuadas que permita la consolidad organizacional más consistente a las necesidades actuales del clima. Contiene un plan de acción para llevar a cabo el plan estratégico planteado, presupuesto del plan estratégico organizacional. | |
| 650 | 7 | |a ORGANIZACIÓN INTERNA - CLÍNICA MÉDICA MERCADO ORIENTAL. | |
| 650 | 7 | |b PLAN ESTRATÉGICO - ORGANIZACIONAL - CLÍNICA MÉDICA. | |
| 650 | 7 | |c PLANEACIÓN ESTRATÉGICA - CLÍNICA MÉDICA - FODA. | |
| 650 | 7 | |d ADMINISTRACIÓN DE RECURSOS HUMANOS - CLÍNICA MÉDICA | |
| 700 | 1 | |a Tutor: |b Zúñiga Morales, Gonzalo de Jesús | |
| 942 | |c BK |2 ddc | ||
| 991 | |a TESIS | ||
| 999 | |c 17258 | ||